| 000 | 00716nam a22002417a 4500 | ||
|---|---|---|---|
| 003 | DO-SdBNP | ||
| 005 | 20180222141222.0 | ||
| 008 | 160718 1990 ck a spa d | ||
| 020 | _a9580413169 (col.) | ||
| 020 | _a9580412936 (la fiesta del mar) | ||
| 040 |
_aBPMSU _bspa _cBPMSU |
||
| 082 | 4 |
_axxxx _bxxxx |
|
| 100 | 1 | _aBallaz, J. | |
| 245 | 1 | 3 |
_aLa fiesta del mar / _bla amistad _cJ. Ballaz, A. Amorós ; ilustraciones H. Elena |
| 260 |
_aColombia : _bNorma, _c1990. |
||
| 300 |
_a[26] p. : _bil. ; _c22 cm. |
||
| 490 | 0 | _aLas experiencias del niño | |
| 700 | 1 | 2 |
_aElena, H. _eil. |
| 830 | 0 | _aLas experiencias del niño | |
| 942 |
_2ddc _cBK |
||
| 945 | _aInventariado, 2018/ YL | ||
| 956 |
_aYLOCKWARD _b10 _cBPMSU |
||
| 999 |
_c12496 _d12496 |
||